1704 1443 1193 1243 1289 1291 1402 1557 1426 1162 1592 1068 1670 1543 1847 1111 1284 1385 1760 1214 1540 1963 1658 1870 1189 1044 1050 1381 1097 1035 1093 1495 1702 1855 1507 1509 1575 1989 1992 1317 1892 1961 1475 1661 1266 1517 1844 1738 1892 1006 1662 1446 1988 1469 1294 1158 1147 1127 1461 1195 1485 1086 1724 1874 1416 1015 1396 1314 1897 1362 1569 1377 1641 1339 1292 1829 1246 1105 1739 1586 1860 1232 1062 1639 1328 1151 1523 1614 1032 1265 1488 1102 1008 1705 1187 1903 1893 1301 1680 BCNSPRNW ULIB Ver.6.0+V

เปลี่ยนเป็นภาษาไทย

Change to English
 แสดงรายละเอียดบรรณานุกรม
  กลับหน้าหลัก

Brief Record : Get Marc (ISO 2709) : E-mail record : QR code < ปิดหน้าต่าง
LEADER : 00000nam 2200000uu 4500
001    13399126790
003     ULIB
008    190306s2561||||th 000 0 tha d
020    ^a9786163660510
050    ^aนว^bด179ม
100    ^aดวงตะวัน
245    ^aมังกรเริงจันทร์ ชุดซีรีส์ราชสีห์/^cดวงตะวัน
260    ^aกรุงเทพฯ :^bดวงตะวัน,^c2561
300    ^a515 หน้า;^b21 ซม.
490 0  ^aราชสีห์ ;^v7
650    ^aนวนิยาย
945    ^p370^l0^i27285
999    ^aกัณชพร จุลอักษร
รายการนี้ยังไม่มีแท็ก
คุณยังไม่ได้ล็อกอิน คุณสามารถมีกิจกรรมร่วมกับเว็บไซต์ได้ แต่ต้องล็อกอินก่อน ::
  ล็อกอิน

รายการสื่อสารสนเทศ

ลำดับที่ ประเภท เลขเรียก/บาร์โค้ด สถานที่ สถานะ
1. วิทยาศาสตร์การแพทย์ และสุขภาพ
วิทยาศาสตร์การแพทย์ และสุขภาพ
นว ด179ม ฉ.1 
  Barcode: 27285
ห้องสมุดวิทยาเขตสวรรค์ประชารักษ์
►นวนิยาย
บนชั้น
  ขอยืม

รายการใกล้เคียง
    ผู้แต่ง [ดวงตะวัน]

    หัวเรื่อง [นวนิยาย]

BibComment


ยังไม่เคยถูกคอมเมนท์

คอมเมนท์ทรัพยากรรายการนี้
  คอมเมนท์: มังกรเริงจันทร์ ..


 Copyright 2026. Bcnsprnw @Library